En recuerdo de un rey: Federico II de Prusia 1712-1786

Gespeichert in:
Bibliographische Detailangaben
1. Verfasser: Knopp, Werner (VerfasserIn)
Format: Buch
Sprache:Spanisch
Veröffentlicht: Berlín Inter Nationes Bonn 1986
Schlagworte:
Tags: Tag hinzufügen
Keine Tags, Fügen Sie den ersten Tag hinzu!

MARC

LEADER 00000nam a2200000 a 4500
001 UCO0758
003 CL-VaPUC
008 000428e19860000GW |||||||||||||||||spa|d
082 0 4 |a 923.1  |b KNO  |2 21 
100 0 |a Knopp, Werner  |e author  |9 442226 
245 1 0 |a En recuerdo de un rey: Federico II de Prusia 1712-1786 
300 |a 64 p 
942 |c BK 
945 |d 20000428 00:00:00  |a rherrera 
260 |a Berlín  |b Inter Nationes Bonn  |c 1986 
600 0 7 |a FEDERICO II  |2 CL-VaPUC  |9 400945 
650 0 |a Biografías  |9 255210 
650 7 |a REYES  |2 CL-VaPUC  |9 349627 
650 7 |a HISTORIA DE ALEMANIA SIGLO 18  |2 CL-VaPUC  |9 442227 
651 0 |a Prusia  |9 332663 
651 0 |a Alemania  |9 255688 
583 |a last modification  |c 20160826 11:21:01  |k Rodrigo Vera 
999 |c 287405  |d 287403 
952 |0 0  |1 0  |4 0  |6 923_100000000000000_KNO_1986  |7 0  |8 A  |9 334246  |a BIBHIS  |b BIBHIS  |d 2019-11-20  |i 1265903  |o 923.1 KNO 1986  |p 1265903  |r 2025-01-20  |w 2019-11-20  |y BK  |k HIS